Gares de la Haute Marne - Statistiques

Statistiques générales
  • Ce quiz a été pris 116 fois
  • Le résultat moyen est 5 sur 10
Statistiques - réponses
Nombre de voyageurs Gares % Correct
417 780 Chaumont
100%
86 126 Langres
93%
214 622 Saint Dizier
93%
82 318 Culmont - Chalindrey
72%
78 684 Joinville
63%
4 643 Bologne
35%
51 324 Froncles
35%
3 835 Chevillon
19%
2 009 Vignory
17%
7 209 Donjeux
14%
Aucun quiz correspondant
Distribution des résultats
% des personnes avec chaque résultat
Percentile par nombre de réponses
Votre historique - résultats
Vous n’avez pas pris ce quiz